| 000 | 00375nam a22001577a 4500 | ||
|---|---|---|---|
| 003 | SGT | ||
| 020 | _a9780443069789 | ||
| 082 |
_a612.8 _bN19L |
||
| 100 | _aLINDSAY, KENNETH W. | ||
| 245 | _aNEUROLOGY AND NEUROSURGERY ILLUSTRATED | ||
| 250 | _a5TH | ||
| 260 |
_aEDINBURGH _bCHURCHILL LIVINGSTONE _c2019 |
||
| 300 | _a600 | ||
| 650 | _aPHYSIOTHERAPY | ||
| 942 |
_2ddc _cBK _081 |
||
| 999 |
_c20965 _d20965 |
||